000 00401nam a2200169Ia 4500
003 GCL
008 140319s9999 xx 000 0 aRus d
040 _aGCL /
_cGCL
082 0 4 _a863
_bG A
245 1 0 _aAITA TETTAUEN
260 _a[S.N] :
_bALIANZA EDITORIAL ،
_c1979
300 _a208P
650 0 4 _aLITERATURE
650 0 4 _aSPANISH LITERATURE
650 0 4 _aSPANISH FICTION
942 _2ddc
_cBK
999 _c11572
_d11572